[Event "It (open)"]
[Site "masterchessopen.com Fouesnant (France)"]
[Round "7"]
[White "Tripoteau Nicolas (FRA)"]
[Black "Baudin Frederic (FRA)"]
[Result "1-0"]
[WhiteElo "2397"]
[BlackElo "2069"]

1.e4 c5 2.Nf3 d6 3.d4 cxd4 4.Nxd4 Nf6 5.Nc3 g6 6.Be3 Bg7 7.f3 O-O 8.Qd2 Nc6
9.Bc4 Bd7 10.O-O-O Qa5 11.Bb3 Rfc8 12.h4 Ne5 13.Kb1 Nc4 14.Bxc4 Rxc4 15.Nb3
Qc7 16.Bd4 Be6 17.h5 a5 18.hxg6 fxg6 19.Nd5 Bxd5 20.Bxf6 Bxe4 21.fxe4 exf6
22.Qd5+ Kh8 23.Nd4 Rc8 24.Ne6 Qc6 25.Rxh7+ Kxh7 26.Ng5+ {#r} 1-0

[Event "Ch France (team) (juniors)"]
[Site "masterchessopen.com France"]
[Round "7"]
[White "Stephan Jean-Marie (FRA)"]
[Black "Brunner Nicolas (FRA)"]
[Result "1-0"]
[WhiteElo "2220"]
[BlackElo "2466"]

1.e4 c5 2.Nf3 d6 3.d4 cxd4 4.Nxd4 Nf6 5.Nc3 g6 6.Be3 Bg7 7.f3 O-O 8.Qd2 Nc6
9.Bc4 Bd7 10.O-O-O Qa5 11.Kb1 Ne5 12.Bb3 Rfc8 13.h4 Nc4 14.Bxc4 Rxc4 15.Nb3
Qa6 16.Bh6 Bh8 17.h5 Rac8 18.hxg6 fxg6 19.Bg5 Be6 20.g4 Kf8 21.Qh2 b5 22.Rd2
Rxc3 23.bxc3 Qa3 24.e5 dxe5 25.Qxe5 Bg8 26.Bh6+ Kf7 27.g5 Ne4 28.Qf4+ Bf6
29.fxe4 {#r} 1-0

[Event "Tournament (b)"]
[Site "masterchessopen.com Ireland"]
[Round "0"]
[White "Killane Jack (IRL)"]
[Black "O'Connell Gerard (IRL)"]
[Result "0-1"]
[WhiteElo "2046"]
[BlackElo "2180"]

1.e4 c5 2.Nf3 d6 3.d4 cxd4 4.Nxd4 Nf6 5.Nc3 g6 6.Be3 Bg7 7.f3 Nc6 8.Qd2 O-O
9.Bc4 Bd7 10.O-O-O Qa5 11.Kb1 Rfc8 12.Bb3 Ne5 13.h4 Nc4 14.Bxc4 Rxc4 15.Nb3
Qe5 16.h5 a5 17.hxg6 fxg6 18.Bd4 Qe6 19.Nd5 a4 20.Nxf6+ Bxf6 21.Bxf6 Qxf6
22.Nd4 Rac8 23.g4 a3 24.c3 axb2 25.Qh2 Qg7 26.Nf5 Bxf5 27.gxf5 Rxc3 28.fxg6
Rc1+ {#R} 0-1

[Event "It (open)"]
[Site "masterchessopen.com Villa Martelli (Argentina)"]
[Round "5"]
[White "Berrocal Jorge (BOL)"]
[Black "Hoffman Alejandro (ARG)"]
[Result "0-1"]
[WhiteElo "2240"]
[BlackElo "2525"]

1.e4 c5 2.Nf3 d6 3.d4 cxd4 4.Nxd4 Nf6 5.Nc3 g6 6.Be3 Bg7 7.f3 Nc6 8.Bc4 O-O
9.Qd2 Bd7 10.O-O-O Qa5 11.Bb3 Rfc8 12.Kb1 Ne5 13.h4 Nc4 14.Bxc4 Rxc4 15.Nb3
Qc7 16.Bd4 Be6 17.h5 a5 18.hxg6 hxg6 19.a4 b5 20.Nxb5 Qb8 21.Nc3 Rb4 22.Rh4
Qb7 23.Rdh1 Rb8 24.g4 Bxb3 25.cxb3 Rxd4 26.Qxd4 Qxb3 27.R4h2 Nh7 28.Qf2 Qxc3
{#R} 0-1

[Event "It (open) \"]
[Site "masterchessopen.com Herculane (Romania)"]
[Round "0"]
[White "Florescu Codrut (ROM)"]
[Black "Popescu Gheorghe (ROM)"]
[Result "0-1"]
[WhiteElo "2320"]
[BlackElo "2227"]

1.e4 c5 2.Nf3 d6 3.d4 cxd4 4.Nxd4 Nf6 5.Nc3 g6 6.Be3 Bg7 7.f3 O-O 8.Qd2 Nc6
9.Bc4 Bd7 10.O-O-O Qa5 11.Bb3 Rfc8 12.Kb1 Ne5 13.h4 Nc4 14.Bxc4 Rxc4 15.Nb3
Qa6 16.h5 Be6 17.hxg6 fxg6 18.Bh6 Bh8 19.Bg5 Rac8 20.g4 Rxc3 21.bxc3 Qa4
22.Qh2 Rxc3 23.e5 Nh5 24.gxh5 Bxe5 25.f4 Rxb3+ 26.cxb3 Bf5+ 27.Kc1 Qc6+ 28.Kd2
Qc3+ 29.Ke2 Bg4+ 30.Kf1 Qf3+ {#R} 0-1

[Event "It (open) (b)"]
[Site "masterchessopen.com Montpellier (France)"]
[Round "6"]
[White "Ralaison Ainga (FRA)"]
[Black "Brunner Nicolas (FRA)"]
[Result "0-1"]
[WhiteElo "2002"]
[BlackElo "2013"]

1.e4 c5 2.Nf3 d6 3.d4 cxd4 4.Nxd4 Nf6 5.Nc3 g6 6.Be3 Bg7 7.f3 O-O 8.Qd2 Nc6
9.Bc4 Bd7 10.O-O-O Qa5 11.Bb3 Rfc8 12.Kb1 Ne5 13.h4 b5 14.h5 Nc4 15.Bxc4 bxc4
16.hxg6 hxg6 17.Bh6 Bh8 18.g4 Rcb8 19.Qe1 Nxg4 20.fxg4 Bxd4 21.Na4 Qxe1 {#R}
0-1

[Event "It (open)"]
[Site "masterchessopen.com Zaragoza (Spain)"]
[Round "9"]
[White "Cabrera Moreno Daniel (ESP)"]
[Black "Alcon Herrero Javier (ESP)"]
[Result "1-0"]
[WhiteElo "2157"]
[BlackElo "2064"]

1.e4 c5 2.Nf3 d6 3.d4 cxd4 4.Nxd4 Nf6 5.Nc3 g6 6.Be3 Bg7 7.f3 O-O 8.Bc4 Nc6
9.Qd2 Bd7 10.O-O-O Qa5 11.h4 Rfc8 12.Bb3 Ne5 13.h5 Nxh5 14.Bh6 Nc4 15.Bxc4
Bxh6 16.Qxh6 Rxc4 17.Nb3 Qe5 18.Nd5 e6 19.Rxh5 gxh5 20.Nf6+ {#r} 1-0

[Event "It (open)"]
[Site "masterchessopen.com Bad Wildbad (Germany)"]
[Round "2"]
[White "Ristic Nenad (SRB)"]
[Black "Naegele Thomas (GER)"]
[Result "1-0"]
[WhiteElo "2427"]
[BlackElo "2189"]

1.e4 c5 2.Nf3 d6 3.d4 cxd4 4.Nxd4 Nf6 5.Nc3 g6 6.Be3 Bg7 7.f3 Nc6 8.Qd2 O-O
9.Bc4 Bd7 10.O-O-O Qa5 11.h4 Rfc8 12.Bb3 Ne5 13.g4 b5 14.h5 Nc4 15.Bxc4 bxc4
16.Bh6 Bh8 17.Nf5 Bxf5 18.gxf5 Rab8 19.hxg6 fxg6 20.fxg6 Rxb2 21.g7 Qa3
22.gxh8=Q+ Kxh8 23.Qd4 Rcb8 24.Rdg1 Rxa2+ 25.Kd1 Rb1+ 26.Nxb1 Qxf3+ 27.Kc1
{#r} 1-0

[Event "It (open)"]
[Site "masterchessopen.com Baden (Switzerland)"]
[Round "4"]
[White "Buergy Ivo (SUI)"]
[Black "Allemann Anton (SUI)"]
[Result "1-0"]
[WhiteElo "2033"]
[BlackElo "2288"]

1.e4 c5 2.Nf3 d6 3.d4 cxd4 4.Nxd4 Nf6 5.Nc3 g6 6.Be3 Bg7 7.f3 Nc6 8.Bc4 O-O
9.Qd2 Bd7 10.O-O-O Qa5 11.Bb3 Rfc8 12.h4 Ne5 13.h5 Nxh5 14.g4 Nf6 15.Bh6 Bxh6
16.Qxh6 Rxc3 17.bxc3 Qxc3 18.Kb1 a5 19.g5 Nh5 20.Rxh5 gxh5 21.Qxh5 e6 22.Rh1
Be8 23.Nxe6 fxe6 24.Bxe6+ Kf8 25.Qh6+ Ke7 26.Qf6# 1-0

[Event "It (open)"]
[Site "masterchessopen.com Biel (Switzerland)"]
[Round "10"]
[White "Ramesh RB (IND)"]
[Black "Konguvel Ponnuswamy (IND)"]
[Result "1-0"]
[WhiteElo "2443"]
[BlackElo "2377"]

1.e4 c5 2.Nf3 d6 3.d4 cxd4 4.Nxd4 Nf6 5.Nc3 g6 6.Be3 Bg7 7.f3 O-O 8.Qd2 Nc6
9.Bc4 Bd7 10.O-O-O Qa5 11.Bb3 Rfc8 12.h4 Ne5 13.Kb1 Nc4 14.Bxc4 Rxc4 15.Nb3
Qc7 16.Bd4 Be6 17.h5 a5 18.hxg6 hxg6 19.a4 b5 20.Nxb5 Qb8 21.Be3 Rxa4 22.N5d4
Qc8 23.g4 Bxb3 24.cxb3 Rb4 25.Nf5 gxf5 26.Bh6 Nxe4 27.fxe4 f4 28.Bxg7 Qe6
29.Bc3 Qxe4+ 30.Qd3 {#r} 1-0

[Event "It (open) \"]
[Site "masterchessopen.com Budapest (Hungary)"]
[Round "4"]
[White "Kosztolanczi Gyula (HUN)"]
[Black "Domnin Sergiy (UKR)"]
[Result "0-1"]
[WhiteElo "2209"]
[BlackElo "2095"]

1.e4 c5 2.Nf3 d6 3.d4 cxd4 4.Nxd4 Nf6 5.Nc3 g6 6.Be3 Bg7 7.f3 O-O 8.Bc4 Nc6
9.Qd2 Bd7 10.O-O-O Qa5 11.h4 Rfc8 12.Bb3 Ne5 13.h5 Nxh5 14.g4 Nf6 15.Kb1 Nc4
16.Bxc4 Rxc4 17.Nb3 Qd8 18.e5 Nxg4 19.fxg4 Bxg4 20.Qd5 Rac8 21.Rd4 Be6 22.Qxb7
Bxe5 23.Rxc4 Rxc4 24.Nd5 Bd7 25.Bg5 f6 26.Nxf6+ exf6 27.Qd5+ Kh8 28.Qf7 h5
29.Qxc4 fxg5 30.Nd4 {#R} 0-1

[Event "It (open)"]
[Site "masterchessopen.com Cannes (France)"]
[Round "6"]
[White "Geenen Marc (BEL)"]
[Black "Rouillon Ludovic (FRA)"]
[Result "1-0"]
[WhiteElo "2346"]
[BlackElo "2167"]

1.e4 c5 2.Nf3 d6 3.d4 cxd4 4.Nxd4 Nf6 5.Nc3 g6 6.Be3 Bg7 7.f3 O-O 8.Qd2 Nc6
9.Bc4 Bd7 10.O-O-O Qa5 11.h4 Rfc8 12.Bb3 Ne5 13.g4 b5 14.h5 Nc4 15.Bxc4 bxc4
16.Bh6 Rab8 17.Bxg7 Kxg7 18.hxg6 fxg6 19.Qh6+ Kf7 20.g5 Ne8 21.Rh4 e5 22.Qxh7+
Ng7 23.Rh6 exd4 24.Qxg6+ Kg8 {#r} 1-0

[Event "Ch Argentina (1/2 final)"]
[Site "masterchessopen.com Ezeiza (Argentina)"]
[Round "5"]
[White "Sanfilippo Dante (ARG)"]
[Black "Medina Sergio (ARG)"]
[Result "1-0"]
[WhiteElo "2050"]
[BlackElo "2243"]

1.e4 c5 2.Nf3 d6 3.d4 cxd4 4.Nxd4 Nf6 5.Nc3 g6 6.Be3 Bg7 7.Qd2 Nc6 8.f3 O-O
9.Bc4 Qa5 10.O-O-O Bd7 11.Bb3 Rfc8 12.h4 Ne5 13.Bh6 Bh8 14.h5 Nc4 15.hxg6 hxg6
16.Qe1 Bg7 17.Bxg7 Kxg7 18.Bxc4 Rxc4 19.Qe3 Rh8 20.Rxh8 Kxh8 21.Qh6+ Kg8
22.Nd5 {#r} 1-0

[Event "Ch Finland"]
[Site "masterchessopen.com Helsinki (Finland)"]
[Round "4"]
[White "Molander Riku (FIN)"]
[Black "Salmensuu Olli (FIN)"]
[Result "0-1"]
[WhiteElo "2289"]
[BlackElo "2458"]

1.Nf3 c5 2.e4 d6 3.d4 cxd4 4.Nxd4 Nf6 5.Nc3 g6 6.Be3 Bg7 7.f3 Nc6 8.Qd2 O-O
9.Bc4 Bd7 10.O-O-O Qa5 11.h4 Rfc8 12.Bb3 Ne5 13.h5 Nxh5 14.Nd5 Qxd2+ 15.Rxd2
Kf8 16.g4 Nf6 17.Rdh2 Nexg4 18.fxg4 Nxg4 19.Rxh7 e6 20.Bf4 exd5 21.Bxd6+ Kg8
22.Bxd5 Nf2 23.R1h4 Re8 24.Nf3 Bc6 25.Bxc6 bxc6 26.e5 Rad8 27.Ng5 Bxe5 28.Nxf7
Rd7 29.Nh6+ Kxh7 {#R} 0-1

[Event "Ch Serbia"]
[Site "masterchessopen.com Kragujevac (Yugoslavia)"]
[Round "2"]
[White "Todorovic Goran M (SRB)"]
[Black "Simic Dragisa (SRB)"]
[Result "1-0"]
[WhiteElo "2455"]
[BlackElo "2391"]

1.e4 c5 2.Nf3 d6 3.d4 cxd4 4.Nxd4 Nf6 5.Nc3 g6 6.Be3 Bg7 7.f3 O-O 8.Qd2 Nc6
9.Bc4 Bd7 10.O-O-O Qa5 11.Bb3 Rfc8 12.g4 Ne5 13.h4 Nc4 14.Bxc4 Rxc4 15.Kb1
Rac8 16.Nde2 Be6 17.Nd5 Qxd2 18.Nxf6+ Bxf6 19.Rxd2 a6 20.g5 Bg7 21.h5 b5
22.Bd4 Bxd4 23.Nxd4 R8c5 24.hxg6 hxg6 25.Rdh2 Rxg5 26.Rh8+ Kg7 27.Nxe6+ {#r}
1-0

[Event "It"]
[Site "masterchessopen.com La Paz (Bolivia)"]
[Round "6"]
[White "Cueto J (BOL)"]
[Black "Roselli Mailhe Bernardo (URU)"]
[Result "1-0"]
[WhiteElo "2389"]
[BlackElo "2400"]

1.e4 c5 2.Nf3 d6 3.d4 cxd4 4.Nxd4 Nf6 5.Nc3 g6 6.Be3 Bg7 7.f3 O-O 8.Qd2 Nc6
9.Bc4 Bd7 10.O-O-O Qa5 11.h4 Rfc8 12.Bb3 Ne5 13.h5 Nxh5 14.Nd5 Qxd2+ 15.Rxd2
Kf8 16.g4 Bxg4 17.fxg4 Nxg4 18.Bg5 e6 19.Nxe6+ fxe6 20.Rf1+ Kg8 21.Ne7+ Kh8
22.Nxc8 Ng3 23.Rf4 h5 24.Bxe6 Be5 25.Rf8+ {#r} 1-0

[Event "Ch Germany (juniors) (under 12) (team)"]
[Site "masterchessopen.com Verden (Germany)"]
[Round "5"]
[White "Seyb Alexander (GER)"]
[Black "Fuchs Judith (GER)"]
[Result "1-0"]
[WhiteElo "2314"]
[BlackElo "2217"]

1.e4 c5 2.Nf3 d6 3.d4 cxd4 4.Nxd4 Nf6 5.Nc3 g6 6.Be3 Bg7 7.f3 O-O 8.Qd2 Nc6
9.O-O-O Qa5 10.Bc4 Bd7 11.Bb3 Rfc8 12.Kb1 a6 13.h4 h5 14.Bg5 Qd8 15.Nxc6 Bxc6
16.Bh6 Bh8 17.Qg5 Bb5 18.Qxg6+ Bg7 19.Qxg7# 1-0

[Event "Verbandsliga Baden South 1999/00"]
[Site "masterchessopen.com Germany"]
[Date "2000.01.23"]
[Round "5"]
[White "Ketterer Christian (GER)"]
[Black "Rauch Uwe (GER)"]
[Result "1-0"]
[WhiteElo "2276"]
[BlackElo "2202"]

1.e4 c5 2.Nf3 d6 3.d4 cxd4 4.Nxd4 Nf6 5.Nc3 g6 6.Be3 Bg7 7.f3 O-O 8.Qd2 Nc6
9.Bc4 Bd7 10.O-O-O Qa5 11.h4 Ne5 12.Bb3 Rfc8 13.h5 Nc4 14.Bxc4 Rxc4 15.hxg6
fxg6 16.Nb3 Qc7 17.g4 Rc8 18.e5 Ne8 19.Qh2 dxe5 20.Qxh7+ Kf7 21.Rh6 Rxc3
22.Qxg6+ Kf8 23.bxc3 Qxc3 24.Bd2 Qxf3 25.Rdh1 Nf6 26.Rh8+ Ng8 27.R1h7 Bxh8
28.Bh6+ {#r} 1-0

[Event "Ch Asturias"]
[Site "masterchessopen.com Asturias (Spain)"]
[Round "11"]
[White "Bajo Gutierrez Ignacio (ESP)"]
[Black "Aguera Naredo Javier (ESP)"]
[Result "1-0"]
[WhiteElo "2299"]
[BlackElo "2277"]

1.e4 c5 2.Nf3 d6 3.d4 cxd4 4.Nxd4 Nf6 5.Nc3 g6 6.Be3 Bg7 7.f3 O-O 8.Qd2 Nc6
9.Bc4 Bd7 10.O-O-O Qa5 11.Kb1 Rfc8 12.Bb3 Ne5 13.h4 Nc4 14.Bxc4 Rxc4 15.Nb3
Qc7 16.h5 b5 17.hxg6 hxg6 18.Bh6 Bh8 19.Bg5 Bc6 20.Rxh8+ {#r} 1-0

[Event "It (open)"]
[Site "masterchessopen.com Biel (Switzerland)"]
[Round "8"]
[White "Efimenko Zahar (UKR)"]
[Black "Konguvel Ponnuswamy (IND)"]
[Result "1-0"]
[WhiteElo "2523"]
[BlackElo "2404"]

1.e4 c5 2.Nf3 d6 3.d4 cxd4 4.Nxd4 Nf6 5.Nc3 g6 6.Be3 Bg7 7.f3 Nc6 8.Qd2 O-O
9.Bc4 Bd7 10.O-O-O Qa5 11.Bb3 Rfc8 12.h4 Ne5 13.h5 Nxh5 14.Nd5 Qxd2+ 15.Rxd2
Kf8 16.g4 Bxg4 17.fxg4 Nxg4 18.Bg5 e6 19.Nxe6+ fxe6 20.Rf1+ Kg8 21.Ne7+ Kh8
22.Nxc8 Rxc8 23.Bxe6 Rc5 24.Rxd6 Bf6 25.Rd8+ {#r} 1-0

[Event "It (open)"]
[Site "masterchessopen.com Fouesnant (France)"]
[Round "3"]
[White "Toux Stephane (FRA)"]
[Black "Tripoteau Nicolas (FRA)"]
[Result "0-1"]
[WhiteElo "1832"]
[BlackElo "2207"]

1.e4 c5 2.Nf3 d6 3.d4 cxd4 4.Nxd4 Nf6 5.Nc3 g6 6.Be3 Bg7 7.f3 O-O 8.Qd2 Nc6
9.Bc4 Bd7 10.O-O-O Qa5 11.Bb3 Rfc8 12.h4 Ne5 13.h5 Rxc3 14.bxc3 Nxh5 15.g4 Nf6
16.Bh6 Nxf3 17.Qe3 Bxh6 18.Rxh6 Qg5 19.Qxg5 Nxg5 20.Rhh1 Ngxe4 21.Rde1 e5
22.g5 Nxg5 23.Rhf1 Kg7 24.Nf3 Nxf3 25.Rxf3 Bf5 26.Rg1 h5 {#R} 0-1

[Event "Ch World (juniors) (under 16)"]
[Site "masterchessopen.com Oropesa (Spain)"]
[Round "1"]
[White "Efimenko Zahar (UKR)"]
[Black "Porat David (ISR)"]
[Result "1-0"]
[WhiteElo "2523"]
[BlackElo "2154"]

1.e4 c5 2.Nf3 d6 3.d4 cxd4 4.Nxd4 Nf6 5.Nc3 g6 6.Be3 Bg7 7.f3 O-O 8.Qd2 Nc6
9.Bc4 Bd7 10.O-O-O Qa5 11.Bb3 Rfc8 12.h4 Ne5 13.Kb1 Nc4 14.Bxc4 Rxc4 15.Nb3
Qc7 16.Bd4 Rc8 17.Qe2 b5 18.e5 Nh5 19.exd6 exd6 20.Bxg7 Nxg7 21.Nd2 Rxc3
22.Ne4 Rc6 23.Qd2 Rd8 24.Nf6+ Kf8 25.Qh6 b4 26.Qxh7 Ke7 27.Qxg7 {#r} 1-0

[Event "It (cat.1)"]
[Site "masterchessopen.com Paks (Hungary)"]
[Round "6"]
[White "Szabo Krisztian (HUN)"]
[Black "Tancsa Robert (HUN)"]
[Result "0-1"]
[WhiteElo "2235"]
[BlackElo "2205"]

1.e4 c5 2.Nf3 d6 3.d4 cxd4 4.Nxd4 Nf6 5.Nc3 g6 6.Be3 Bg7 7.f3 O-O 8.Qd2 Nc6
9.Bc4 Bd7 10.O-O-O Qa5 11.Bb3 Rfc8 12.Kb1 Ne5 13.h4 Nc4 14.Bxc4 Rxc4 15.Nb3
Qc7 16.Bd4 Bc6 17.h5 a5 18.hxg6 hxg6 19.a4 b5 20.axb5 a4 21.Bxf6 Bxf6 22.Nd5
Bxd5 23.Qxd5 Rc8 24.Nd4 Rxc2 25.Nc6 Rxb2+ 26.Kc1 Qa5 27.Qc4 Qxb5 28.Nxe7+ Kg7
29.Qxc8 Bg5+ 30.Rd2 Rb1+ {#R} 0-1

[Event "Ch Uruguay (team)"]
[Site "masterchessopen.com Uruguay"]
[Round "0"]
[White "Crosa Martin (URU)"]
[Black "Roselli Juan Pablo (URU)"]
[Result "1-0"]
[WhiteElo "2308"]
[BlackElo "2123"]

1.e4 c5 2.Nf3 d6 3.d4 cxd4 4.Nxd4 Nf6 5.Nc3 g6 6.Be3 Bg7 7.f3 O-O 8.Qd2 Nc6
9.Bc4 Qa5 10.O-O-O Bd7 11.Bb3 Rfc8 12.Kb1 Ne5 13.g4 Nc4 14.Bxc4 Rxc4 15.Nb3
Qa6 16.e5 Rxc3 17.Qxc3 Rc8 18.Qa5 Qc4 19.exf6 Qxc2+ 20.Ka1 Bxf6 21.Bd4 {#r}
1-0

[Event "It (open)"]
[Site "masterchessopen.com Balatonlelle (Hungary)"]
[Date "2001.09.09"]
[Round "8"]
[White "Szikra Rezso (HUN)"]
[Black "Habibi Ali (GER)"]
[Result "0-1"]
[WhiteElo "2160"]
[BlackElo "2264"]

1.e4 c5 2.Nf3 d6 3.d4 cxd4 4.Nxd4 Nf6 5.Nc3 g6 6.Be3 Bg7 7.f3 O-O 8.Qd2 Nc6
9.Bc4 Bd7 10.O-O-O Qa5 11.Bb3 Rfc8 12.h4 Ne5 13.Kb1 Nc4 14.Bxc4 Rxc4 15.Nb3
Qe5 16.Bf4 Qe6 17.Nd4 Nxe4 18.Nxe4 Rxd4 19.Qf2 Ra4 20.b3 Rxe4 21.fxe4 Qf6
22.e5 dxe5 23.Be3 Bf5 24.Rd2 e4 25.Bd4 e5 26.Be3 h5 27.Rhd1 Bg4 28.Bg5 {#R}
0-1

[Event "It (open)"]
[Site "masterchessopen.com Le Mans (France)"]
[Date "2001.12.27"]
[Round "3"]
[White "Richet Fabien (FRA)"]
[Black "Pialot Florent"]
[Result "1-0"]
[WhiteElo "1980"]
[BlackElo "1590"]

1.e4 c5 2.Nf3 d6 3.d4 cxd4 4.Nxd4 Nf6 5.Nc3 g6 6.Be3 Bg7 7.f3 O-O 8.Qd2 Nc6
9.Bc4 Bd7 10.O-O-O Qa5 11.h4 Rfc8 12.Bb3 Ne5 13.Kb1 Nc4 14.Bxc4 Rxc4 15.Nb3
Qc7 16.Bh6 Bh8 17.h5 Nxh5 18.Nd5 Qd8 19.Rxh5 e6 20.Ne3 Qf6 21.Nxc4 b5 22.e5
dxe5 23.Rhh1 bxc4 24.Nc5 Bc6 25.Ne4 Bxe4 26.fxe4 Qe7 27.Qd7 Qf6 28.Qc7 Rf8
29.Bxf8 Kxf8 30.Rhf1 {#r} 1-0

[Event "It (open)"]
[Site "masterchessopen.com Barcelona (Spain)"]
[Round "3"]
[White "Leiva Velasco David (ESP)"]
[Black "Orriols Miro Clara (ESP)"]
[Result "0-1"]
[WhiteElo "2246"]
[BlackElo "2029"]

1.e4 c5 2.Nf3 d6 3.d4 Nf6 4.Nc3 cxd4 5.Nxd4 g6 6.Be3 Bg7 7.f3 O-O 8.Qd2 Nc6
9.Bc4 Bd7 10.O-O-O Qa5 11.h4 Rfc8 12.Bb3 Ne5 13.Kb1 Nc4 14.Bxc4 Rxc4 15.h5
Nxh5 16.g4 Nf6 17.Nde2 Be6 18.Bd4 Rac8 19.g5 Nh5 20.Bxg7 Kxg7 21.a3 b5 22.Rdg1
b4 23.axb4 Rxb4 24.Nd4 Ba2+ 25.Kc1 Bc4 26.Nb1 Qb6 27.c3 Ba2 28.Na3 Rxd4 {#R}
0-1

[Event "Ch Belgium (team) 2002/03"]
[Site "masterchessopen.com Belgium"]
[Round "2"]
[White "Aagaard Jacob (SCO)"]
[Black "Bergez Luc (FRA)"]
[Result "0-1"]
[WhiteElo "2355"]
[BlackElo "2363"]

1.e4 c5 2.Nf3 d6 3.d4 cxd4 4.Nxd4 Nf6 5.Nc3 g6 6.Be3 Bg7 7.f3 O-O 8.Qd2 Nc6
9.Bc4 Bd7 10.O-O-O Qa5 11.h4 Rfc8 12.Bb3 Ne5 13.g4 Nc4 14.Bxc4 Rxc4 15.Nb3 Qa6
16.Bd4 Rac8 17.h5 Bxg4 18.hxg6 hxg6 19.fxg4 e5 20.Bxe5 dxe5 21.Kb1 Rxc3
22.bxc3 Nxe4 23.Qd7 Qc4 24.Rd3 Nxc3+ 25.Kb2 Na4+ 26.Ka3 Bf8+ 27.Rd6 Nb6 {#R}
0-1

[Event "It (open)"]
[Site "masterchessopen.com Chicago (USA)"]
[Round "6"]
[White "Kudrin Sergey (USA)"]
[Black "Aramil William J (USA)"]
[Result "1-0"]
[WhiteElo "2542"]
[BlackElo "2244"]

1.e4 c5 2.Nf3 d6 3.d4 cxd4 4.Nxd4 Nf6 5.Nc3 g6 6.Be3 Bg7 7.f3 O-O 8.Qd2 Nc6
9.Bc4 Bd7 10.O-O-O Qa5 11.h4 Ne5 12.Bb3 Rfc8 13.g4 b5 14.h5 b4 15.Nce2 Nc4
16.Bxc4 Rxc4 17.Kb1 Rac8 18.hxg6 fxg6 19.Nf4 Rxd4 20.Bxd4 e5 21.g5 Ne8 22.Qh2
exf4 23.Qxh7+ Kf7 24.Bxg7 Nxg7 25.Rxd6 Be6 26.Rxe6 {#r} 1-0

[Event "It (cat.3)"]
[Site "masterchessopen.com Lima (Peru)"]
[Round "1"]
[White "Cueto J (BOL)"]
[Black "Cruz Filemon (PER)"]
[Result "1-0"]
[WhiteElo "2392"]
[BlackElo "2349"]

1.e4 c5 2.Nf3 d6 3.d4 cxd4 4.Nxd4 Nf6 5.Nc3 g6 6.Be3 Bg7 7.f3 O-O 8.Qd2 Nc6
9.Bc4 Bd7 10.O-O-O Qa5 11.h4 Rfc8 12.Bb3 Ne5 13.h5 Nxh5 14.Bh6 Bxh6 15.Qxh6
Rxc3 16.bxc3 Rc8 17.Ne2 Bb5 18.Rxh5 gxh5 19.Rh1 Rxc3 20.Rxh5 {#r} 1-0

[Event "It (open)"]
[Site "masterchessopen.com Saint-Quentin (France)"]
[Round "3"]
[White "Becquart Julien (BEL)"]
[Black "Tarayre Pascal (FRA)"]
[Result "1-0"]
[WhiteElo "2108"]
[BlackElo "1740"]

1.e4 c5 2.Nf3 d6 3.d4 cxd4 4.Nxd4 Nf6 5.Nc3 g6 6.Be3 Bg7 7.f3 O-O 8.Qd2 Nc6
9.Bc4 Bd7 10.O-O-O Qa5 11.h4 Rfc8 12.Bb3 Ne5 13.h5 Nxh5 14.g4 Nf6 15.Kb1 Nc4
16.Bxc4 Rxc4 17.Nb3 Qc7 18.Bd4 Rc8 19.Nd5 Qd8 20.c3 b5 21.Qh2 h6 22.Nxf6+ exf6
23.Be3 b4 24.Bxh6 {#r} 1-0

[Event "It (open)"]
[Site "masterchessopen.com Val Thorens (France)"]
[Round "5"]
[White "Hentzien Maxime (FRA)"]
[Black "Fourcart Maxence (FRA)"]
[Result "0-1"]
[WhiteElo "1933"]
[BlackElo "1940"]

1.e4 c5 2.Nf3 d6 3.d4 cxd4 4.Nxd4 Nf6 5.Nc3 g6 6.Bc4 Bg7 7.f3 Nc6 8.Be3 O-O
9.Qd2 Bd7 10.O-O-O Qa5 11.h4 Rfc8 12.Bb3 Ne5 13.h5 Nxh5 14.Rxh5 gxh5 15.Bh6
Ng6 16.Rh1 Qe5 17.Bxg7 Kxg7 18.Bd5 Rab8 19.Nce2 e6 20.f4 Qf6 21.Bb3 Rc5 22.f5
exf5 23.Ng3 fxe4 24.Rxh5 Qf4 25.Rxc5 Qxd2+ {#R} 0-1

[Event "Ch Russia (juniors) (under 20)"]
[Site "masterchessopen.com Vladimir (Russia)"]
[Round "11"]
[White "Prizant Jaroslav (RUS)"]
[Black "Utnasunov Alexander (RUS)"]
[Result "1-0"]
[WhiteElo "2483"]
[BlackElo "2354"]

1.e4 c5 2.Nf3 d6 3.d4 cxd4 4.Nxd4 Nf6 5.Nc3 g6 6.Be3 Bg7 7.f3 O-O 8.Qd2 Nc6
9.Bc4 Bd7 10.O-O-O Qa5 11.Bb3 Rfc8 12.h4 Ne5 13.g4 Rc4 14.g5 Nh5 15.f4 Rxc3
16.fxe5 Rxe3 17.Qxa5 Bxe5 18.Qc7 Bg4 19.Qxe7 Rf8 20.Rhf1 Nf4 21.Rd2 Rxe4
22.Qxb7 Re3 23.Nc6 Bh3 24.Nxe5 Bxf1 25.Nxf7 d5 26.Rf2 Rxf7 27.Bxd5 {#r} 1-0

[Event "Ch Slovenia (juniors) (under 20)"]
[Site "masterchessopen.com Slovenia"]
[Round "9"]
[White "Gomboc Miha (SLO)"]
[Black "Cetina Klemen (SLO)"]
[Result "1-0"]
[WhiteElo "2144"]
[BlackElo "2094"]

1.e4 c5 2.Nf3 d6 3.d4 cxd4 4.Nxd4 Nf6 5.Nc3 g6 6.Be3 Bg7 7.f3 O-O 8.Qd2 Nc6
9.Bc4 Bd7 10.O-O-O Qa5 11.Bb3 Rfc8 12.h4 Ne5 13.h5 Rxc3 14.bxc3 Nxh5 15.Kb1
Rc8 16.Bh6 Bh8 17.Rxh5 Qa3 18.Rxe5 Bxe5 19.f4 Bh8 20.e5 dxe5 21.Nb5 {#r} 1-0

[Event "It (open)"]
[Site "masterchessopen.com Bad Wildbad (Germany)"]
[Round "3"]
[White "Michiels Bart (BEL)"]
[Black "Roemhild Marcus (GER)"]
[Result "1-0"]
[WhiteElo "2453"]
[BlackElo "2191"]

1.e4 c5 2.Nf3 d6 3.d4 cxd4 4.Nxd4 Nf6 5.Nc3 g6 6.Be3 Bg7 7.f3 Nc6 8.Bc4 O-O
9.Qd2 Bd7 10.O-O-O Qa5 11.Bb3 Rfc8 12.Kb1 Ne5 13.h4 Nc4 14.Bxc4 Rxc4 15.Nb3
Qa6 16.h5 Rac8 17.hxg6 hxg6 18.Bh6 Bh8 19.Bf8 Nh5 20.Bxe7 d5 21.Rxh5 gxh5
22.Qxd5 Be8 23.Nc5 Rxc3 24.Nxa6 Rxc2 25.Qg5+ Kh7 26.Qxh5+ {#r} 1-0

[Event "It (open)"]
[Site "masterchessopen.com Bergheim (Germany)"]
[Round "3"]
[White "Tochtenhagen Wolfgan (GER)"]
[Black "Schuetz Hans-Joachim (GER)"]
[Result "1-0"]
[WhiteElo "2131"]
[BlackElo "1997"]

1.e4 c5 2.Nf3 d6 3.d4 cxd4 4.Nxd4 Nf6 5.Nc3 g6 6.Be3 Bg7 7.f3 O-O 8.Bc4 Nc6
9.Qd2 Bd7 10.O-O-O Qa5 11.Kb1 Rfc8 12.Bb3 Ne5 13.h4 Nc4 14.Bxc4 Rxc4 15.Nb3
Qc7 16.h5 Nxh5 17.Nd5 Qd8 18.Bh6 e6 19.Bxg7 Kxg7 20.g4 exd5 21.gxh5 g5 22.h6+
Kh8 23.Qxd5 Be6 24.Qxd6 Qxd6 25.Rxd6 Rcc8 26.Rg1 Bxb3 27.axb3 {#r} 1-0

[Event "Ch Europe (juniors) (under 14)"]
[Site "masterchessopen.com Budva (Yugoslavia)"]
[Round "9"]
[White "Ocnarescu Victor (ROM)"]
[Black "Virag Attila (HUN)"]
[Result "0-1"]
[WhiteElo "2072"]
[BlackElo "2122"]

1.e4 c5 2.Nf3 d6 3.d4 cxd4 4.Nxd4 Nf6 5.Nc3 g6 6.Be3 Bg7 7.f3 Nc6 8.Qd2 O-O
9.Bc4 Bd7 10.O-O-O Qa5 11.Bb3 Rfc8 12.g4 Ne5 13.h4 Rc4 14.g5 Rxd4 15.Bxd4 Nxf3
16.Qf2 Nxd4 17.Qxd4 Ng4 18.Qd5 Qxd5 19.Rxd5 Bc6 20.Rd2 Be5 21.Rf1 e6 22.Bc4
Ne3 23.Bd3 Nxf1 24.Bxf1 Bf4 {#R} 0-1